| 000 | 00320nam a22001217a 4500 | ||
|---|---|---|---|
| 020 | _a978-93-94384-20-0 | ||
| 082 | _a294/CHA | ||
| 100 |
_aChandra,Dr. Abhishek _983911 |
||
| 245 | _aSapt rishis foundation of sanatan dharama | ||
| 260 |
_aDehli _bSaddle publishers _c2022 |
||
| 650 |
_aIndian religion _917547 |
||
| 942 | _cBK | ||
| 999 |
_c68918 _d68918 |
||